Values-driven business : how to change the world, make money, and have fun

Αποθηκεύτηκε σε:
Λεπτομέρειες βιβλιογραφικής εγγραφής
Κύριος συγγραφέας: Cohen, Ben (Ben R.)
Άλλοι συγγραφείς: Warwick, Mal
Μορφή: Βιβλίο
Γλώσσα:English
Δημοσίευση: San Francisco, CA : Berrett-Koehler Publishers, c2006
Σειρά:Social Venture Network
Θέματα:
Ετικέτες: Προσθήκη ετικέτας
Δεν υπάρχουν, Καταχωρήστε ετικέτα πρώτοι!

MARC

LEADER 00000nam a2200000 i 4500
001 1/79333
008 080328s2006 eng d
020 |a 978-157675-358-3 (pbk.) 
020 |a 1-576-75-358-1 (pbk.) 
035 |l 10095938 
040 |a GR-MY-UA  |b gre  |e aacr 
041 0 |a eng 
082 0 |a 658.408  |2 (22) 
100 1 |a Cohen, Ben  |q (Ben R.) 
245 1 0 |a Values-driven business :  |b how to change the world, make money, and have fun /  |c Ben Cohen, Mal Warwick 
260 |a San Francisco, CA :   |b Berrett-Koehler Publishers,   |c c2006 
300 |a xxix, 156 σ.;  |b εικ.;  |c 22 εκ. 
490 1 |a Social Venture Network 
504 |a Βιβλιογραφία : σ. 143-145. Ευρετήριο 
650 0 0 |a Social responsibility of business. 
650 0 0 |a Industrial management  |x Social aspects. 
700 1 |a Warwick, Mal. 
830 0 |a Social Venture Network 
852 |a INST  |b CHIOS  |e 20080328  |h 658.408 COH  |p 005200027518  |q 005200027518  |t BK  |y 0 
901 |a BIBL2-2008-1 
909 |a Χ  |b 151144 
922 |a 2ΕΛΗ  |b 200803  |c ΕΠΕΑΕΚ2/ΤΔΕ  |d ΠΑΠΑΣΩΤΗΡΙΟΥ 
970 |a ΒΑΡΦΗΣ  |b ΒΑΓΓΕΛΗΣ  |z 2008/03/28